| 000 | 00512cam a2200157u 4500 | ||
|---|---|---|---|
| 082 |
_a621.9 _bBRA _cL-24, P-24 |
||
| 100 | 1 |
_aBradley, Ian. [from old catalog] _941955 |
|
| 245 | 1 | 0 | _aWorkshop equipment, its design, construction and use, |
| 260 |
_aLondon, _bChapman & Hall, _c1949. |
||
| 300 |
_avii, 224 p. _billus. _c23 cm. |
||
| 526 |
_a0 _b0 _c0 _d621_900000000000000_BRA |
||
| 650 | 0 |
_aMachine-tools. _925078 |
|
| 650 | 0 |
_aMCE _9379 |
|
| 700 | 1 |
_aHallows, Norman F., [from old catalog] _941956 |
|
| 942 |
_2ddc _cBK |
||
| 999 |
_c545971 _d545971 |
||